01156nam a2200289 a 450000100060000000300080000600500170001400600190003100700150005000800410006503500220010604000260012805000220015408000140017608200170019024502040020726000400041130000100045153301640046165000240062565000310064965500270068070000390070770000390074671000190078585600620080429720FlNmELB20241216220521.0m o d | cr cn|||||||||130702s2012 sp s 000 0 spa d a(OCoLC)1152922579 aFlNmELBbspacFlNmELB 4aRM224b.A188 2012 a613.2-03204a615/.85422300aActualización en nutrición parenteralh[recurso electronico] :b¿A quién, cómo, cuándo, qué y por qué? /cdirectores del curso: Alberto Miján de la Torre, Ezequiel Martí Bonmatí. aBarcelona :bEdiciones Mayo,c2012. a11 p. aRecurso electrónico. Santa Fe, Arg.: e-libro, 2015. Disponible vía World Wide Web. El acceso puede estar limitado para las bibliotecas afiliadas a e-libro. 0aParenteral feeding. 4aAlimentación parenteral. 4aLibros electrónicos.1 aMartí Bonmatí, Ezequiel,edir.1 aMartí Bonmatí, Ezequiel,edir.2 ae-libro, Corp.40uhttps://elibro.net/ereader/politecnicointernacional/30200